NEL - Analytika a interpretácia výsledkov : Zborník prednášok zo seminára v Žiline 28.1.1999
Salvato in:
| Natura: | Libro |
|---|---|
| Lingua: | slovacco |
| Pubblicazione: |
Prešov :
BIJO VZ, s.r.o.,
1999
|
| Tags: |
Nessun Tag, puoi essere il primo ad aggiungerne!!
|
MARC
| LEADER | 00000nam a22000003a 4500 | ||
|---|---|---|---|
| 001 | stu51958 | ||
| 005 | 20150408162046.8 | ||
| 008 | 000208s1999----xo------------------slo-d | ||
| 040 | |a STU |b slo | ||
| 041 | 0 | |a slo | |
| 044 | |a xo | ||
| 080 | |a 502.5(061.3) | ||
| 245 | |a NEL - Analytika a interpretácia výsledkov : |b Zborník prednášok zo seminára v Žiline 28.1.1999 | ||
| 260 | |a Prešov : |b BIJO VZ, s.r.o., |c 1999 | ||
| 300 | |a 103 s. Tab.,grafy | ||
| 500 | |a V rámci cyklu "Aktuálne ekologické otázky E-99" | ||
| 996 | |b CK602 |c C*K602 |l CCXXVI |s P |a 0 |w stu51958_0001 | ||